Weed control with safety (Record no. 72342)

MARC details
000 -LEADER
fixed length control field 00278nam a2200121Ia 4500
100 ## - MAIN ENTRY--AUTHOR NAME
Personal name Bridge Ken
245 #0 - TITLE STATEMENT
Title Weed control with safety
260 ## - PUBLICATION, DISTRIBUTION, ETC. (IMPRINT)
Name of publisher Planter
Year of publication 1962
300 ## - PHYSICAL DESCRIPTION
Number of Pages 134-135
650 ## - SUBJECT ADDED ENTRY--TOPICAL TERM
Topical Term Weed control
942 ## - ADDED ENTRY ELEMENTS (KOHA)
Koha item type Journals
Holdings
Withdrawn status Lost status Damaged status Not for loan Home library Current library Shelving location Date acquired Serial Enumeration / chronology Koha item type
      Journals RRII Library RRII Library Soils and agonomy 17/12/2021 Volume 38, Issue Journals